Normal view MARC view

Entry Topical Term

Number of records used in: 1

001 - CONTROL NUMBER

  • control field: 25882

003 - CONTROL NUMBER IDENTIFIER

  • control field: OSt

005 - DATE AND TIME OF LATEST TRANSACTION

  • control field: 20210727163839.0

008 - FIXED-LENGTH DATA ELEMENTS

  • fixed length control field: 210727|| aca||aabn | a|a d

040 ## - CATALOGING SOURCE

  • Original cataloging agency: OSt
  • Transcribing agency: OSt

150 ## - HEADING--TOPICAL TERM

  • Topical term or geographic name entry element: Citizen–government collaboration, Co-production, Nonprofit organization, self-Organization, China, COVID-19

670 ## - SOURCE DATA FOUND

  • Source citation: Work cat.: (OSt): Zhao, Ting Wu, Zhongsheng 25881, Citizen–state collaboration in combating Covid-19 in China: Experiences and lessons from the perspective of co-production

Powered by Koha